Технология электродугового послойного выращивания металлических изделий; Прогрессивные технологии и экономика в машиностроении
| Parent link: | Прогрессивные технологии и экономика в машиностроении.— 2022.— [С. 20-22] |
|---|---|
| Autor principal: | |
| Autor corporatiu: | |
| Altres autors: | |
| Sumari: | Заглавие с экрана В работе представлена технология получения металлических изделий электродуговым послойным выращиванием, а также и результаты экспериментальных исследований. В качестве способа для выращивания была выбрана наплавка плавящимся электродом в среде защитных газов. Показана принципиальная возможность применения данного метода для получения металлических изделий. The paper presents the technology of obtaining metal products by electric arc layer-by-layer cultivation, as well as the results of experimental studies. Surfacing with a melting electrode in a protective gas environment was chosen as a method for growing. The principal possibility of using this method to produce metal products is shown. |
| Idioma: | rus |
| Publicat: |
2022
|
| Col·lecció: | Современные промышленные технологии |
| Matèries: | |
| Accés en línia: | http://earchive.tpu.ru/handle/11683/70692 |
| Format: | Electrònic Capítol de llibre |
| KOHA link: | https://koha.lib.tpu.ru/cgi-bin/koha/opac-detail.pl?biblionumber=634210 |
MARC
| LEADER | 00000naa2a2200000 4500 | ||
|---|---|---|---|
| 001 | 634210 | ||
| 005 | 20231102024718.0 | ||
| 035 | |a (RuTPU)RU\TPU\conf\35995 | ||
| 035 | |a RU\TPU\conf\35992 | ||
| 090 | |a 634210 | ||
| 100 | |a 20220414d2022 k y0rusy50 ca | ||
| 101 | 0 | |a rus |d eng | |
| 102 | |a RU | ||
| 105 | |a y z 101zy | ||
| 135 | |a drcn ---uucaa | ||
| 181 | 0 | |a i | |
| 182 | 0 | |a b | |
| 200 | 1 | |a Технология электродугового послойного выращивания металлических изделий |f А. М. Курбонов |g науч. рук. М. А. Кузнецов | |
| 203 | |a Текст |c электронный | ||
| 225 | 1 | |a Современные промышленные технологии | |
| 230 | |a 1 компьютерный файл (pdf; 128 Kb) | ||
| 300 | |a Заглавие с экрана | ||
| 320 | |a [Библиогр.: с. 22 (7 назв.)] | ||
| 330 | |a В работе представлена технология получения металлических изделий электродуговым послойным выращиванием, а также и результаты экспериментальных исследований. В качестве способа для выращивания была выбрана наплавка плавящимся электродом в среде защитных газов. Показана принципиальная возможность применения данного метода для получения металлических изделий. | ||
| 330 | |a The paper presents the technology of obtaining metal products by electric arc layer-by-layer cultivation, as well as the results of experimental studies. Surfacing with a melting electrode in a protective gas environment was chosen as a method for growing. The principal possibility of using this method to produce metal products is shown. | ||
| 463 | 0 | |0 (RuTPU)RU\TPU\conf\35989 |t Прогрессивные технологии и экономика в машиностроении |o сборник трудов XIII Всероссийской научно-практической конференции для студентов и учащейся молодежи, 7-9 апреля 2022 г., Юрга |f Национальный исследовательский Томский политехнический университет (ТПУ), Юргинский технологический институт (ЮТИ) ; под ред. А. А. Сапрыкина |v [С. 20-22] |d 2022 | |
| 610 | 1 | |a электронный ресурс | |
| 610 | 1 | |a труды учёных ТПУ | |
| 610 | 1 | |a электродуговая наплавка | |
| 610 | 1 | |a аддитивные технологии | |
| 610 | 1 | |a послойное выращивание | |
| 610 | 1 | |a металлические изделия | |
| 610 | 1 | |a electric arc surfacing | |
| 610 | 1 | |a additive technologies | |
| 610 | 1 | |a layer-by-layer cultivation | |
| 700 | 1 | |a Курбонов |b А. М. | |
| 702 | 1 | |a Кузнецов |b М. А. |c специалист в области сварочного производства |c доцент Юргинского технологического института (филиала) Томского политехнического университета, кандидат технических наук |f 1985- |g Максим Александрович |2 stltpush |4 727 |9 14202 | |
| 712 | 0 | 2 | |a Томский политехнический университет |b Юргинский технологический институт |c (2003-2009) |2 stltpush |3 (RuTPU)RU\TPU\col\12451 |9 25408 |
| 801 | 2 | |a RU |b 63413507 |c 20220419 |g RCR | |
| 856 | 4 | |u http://earchive.tpu.ru/handle/11683/70692 | |
| 942 | |c BK | ||